000 00673nam a2200205Ia 4500
001 15165
003 GE_BSU
008 181216s||||||||xx |||||||||||||| ||und||
040 _cGE_BSU
100 _aშანშაშვილი, დიმიტრი
245 _aგანთიადი ტუნდრაში
245 _bმოთხრობა
245 _cრედ: რ.ორჯონიკიძე;მხატვ;ბ.გაგნიძე
260 _aთბილისი
260 _bსაბჭოთა საქართველო
260 _c1974
300 _a111გვ;21სმ.
653 _aმოთხრობა
942 _cBK
999 _c48280
_d48280